LDR 00553naa#a2200169#i#450# 001 EN\\bibl\114106 005 20260416055934.4 011 ## _a2713-1424 100 ## _a20260407b2026####ek#y0engy0150####ca 102 ## _aRU 200 1# _aUSING THE ANALOGY METHOD IN INTERDISCIPLINARY RESEARCH _eJournal article 210 1# _aMoscow _cElectronic science _d2026 215 ## _a13 с. 608 ## _aJournal article _2local 675 ## _aИсследование различных географических объектов. 910.3 _z 700 #1 _aRodomanskaya _gS. A. 856 4# _amshj.ru _u